Kier's Christmas cracker (Record no. 78269)
[ view plain ]
| 000 -LEADER | |
|---|---|
| fixed length control field | 01137cab a2200181 4500 |
| 001 - CONTROL NUMBER | |
| control field | ##L136394 |
| 008 - FIXED-LENGTH DATA ELEMENTS--GENERAL INFORMATION | |
| fixed length control field | 070130n2007 000 0 eng u |
| 035 ## - SYSTEM CONTROL NUMBER | |
| System control number | (Sirsi) u136394 |
| 041 0# - LANGUAGE CODE | |
| Language code of text/sound track or separate title | eng |
| 245 00 - TITLE STATEMENT | |
| Title | Kier's Christmas cracker |
| 260 ## - PUBLICATION, DISTRIBUTION, ETC. | |
| Date of publication, distribution, etc. | 2007 |
| 490 #0 - SERIES STATEMENT | |
| Series statement | Contract Journal |
| Volume/sequential designation | 436(6609) 24 January 2007, 16-19(4) |
| 520 ## - SUMMARY, ETC. | |
| Summary, etc. | Kier topped the new work winners monthly league table for December 2006, with Bovis Lend Lease in second place and Laing O'Rourke in third. Balfour Beatty was the overall winner for 2006. All sectors apart from industrial saw a slump in December 2006 compared to November 2006, reflecting the festive period. Compared to 2005, 2006 was a quieter year for construction with new business falling back to £26.8bn from £29bn, although this was partly due to the infrastructure total returning to normal levels. Housing was up to £3.47bn of forward orders from £2.8bn in 2005 and public sector work rose by £3.7bn to £9.75bn. Both commercial work and industrial business fell in 2006. |
| 590 ## - LOCAL NOTE (RLIN) | |
| Local note | KA |
| 651 #4 - SUBJECT ADDED ENTRY--GEOGRAPHIC NAME | |
| Geographic name | GREAT BRITAIN |
| 690 ## - LOCAL SUBJECT ADDED ENTRY--TOPICAL TERM (OCLC, RLIN) | |
| Topical term or geographic name as entry element | BUILT ENVIRONMENT-CONSTRUCTION MARKET |
| 942 ## - ADDED ENTRY ELEMENTS (KOHA) | |
| Suppress in OPAC | 0 |
| Withdrawn status | Lost status | Source of classification or shelving scheme | Damaged status | Not for loan | Home library | Current library | Shelving location | Date acquired | Total Checkouts | Full call number | Barcode | Date last seen | Copy number | Price effective from | Koha item type |
|---|---|---|---|---|---|---|---|---|---|---|---|---|---|---|---|
| Dewey Decimal Classification | London | London | Journal article | 30/01/2007 | L136394 | 136394-1001 | 06/08/2019 | 1 | 06/08/2019 | Journal article |